Summary of the Effect of New Ethics Laws on the Senate.

Summarizes provisions of 1989 and 1991 ethics legislation and related changes to Senate rules for Members, officers, and employees regarding gifts, outside earned income and honoraria, conflicts and disclosure of financial interests, post-employment, and use of campaign funds for official and person...

Full description

Bibliographic Details
Corporate Authors: Library of Congress. Congressional Research Service, ProQuest (Firm)
Format: eBook
Language:English
Published: [Place of publication not identified] : [publisher not identified], 1991-1992.
Series:U.S. Congressional Research.
Subjects:
Online Access:Connect to the full text of this electronic book

MARC

Tag First Indicator Second Indicator Subfields
LEADER 00000cam a22000001a 4500
001 in00003359513
006 m d f
007 cr bn mmmapmmp
008 100623m19911992dcu o f000 0 eng d
005 20260430154016.9
035 |a cis2007884280 
040 |a ProQuest  |c ProQuest  |d UtOrBLW 
043 |a n-us--- 
099 |a CRS-1991-AML-0048 
110 2 |a Library of Congress.  |b Congressional Research Service. 
245 1 0 |a Summary of the Effect of New Ethics Laws on the Senate. 
264 1 |a [Place of publication not identified] :  |b [publisher not identified],  |c 1991-1992. 
300 |a 1 online resource. 
336 |a text  |b txt  |2 rdacontent 
337 |a computer  |b c  |2 rdamedia 
338 |a online resource  |b cr  |2 rdacarrier 
500 |a Record is based on bibliographic data in ProQuest U.S. Congressional Research Digital Collection (last viewed June 2010). Reuse except for individual research requires license from ProQuest, LLC. 
500 |a CRS Report. 
520 |a Summarizes provisions of 1989 and 1991 ethics legislation and related changes to Senate rules for Members, officers, and employees regarding gifts, outside earned income and honoraria, conflicts and disclosure of financial interests, post-employment, and use of campaign funds for official and personal purposes. 
500 |a Electronic resource. 
610 1 0 |a United States.  |b Congress  |x Officials and employees. 
610 1 0 |a United States.  |b Congress.  |b Senate. 
650 0 |a Gifts. 
655 7 |a Electronic books.  |2 local 
710 2 |a ProQuest (Firm) 
776 0 8 |i Microfiche version:   |a Library of Congress. Congressional Research Service.  |t Summary of the Effect of New Ethics Laws on the Senate 
830 0 |a U.S. Congressional Research. 
856 4 0 |u http://proxy.library.tamu.edu/login?url=https://congressional.proquest.com/congcomp/getdoc?CRDC-ID=CRS-1991-AML-0048  |z Connect to the full text of this electronic book  |t 0 
999 |a MARS 
999 f f |s 630a3a22-04ee-38a0-849b-86038d0d42d4  |i 532f02c8-d3a8-33bf-ad0a-5592106b6377  |t 0 
952 f f |a Texas A&M University  |b College Station  |c Electronic Resources  |s www_evans  |d Available Online  |t 0  |e CRS-1991-AML-0048  |h Other scheme 
998 f f |a CRS-1991-AML-0048  |t 0  |l Available Online